00537nam a22002057a 4500003000500000005001700005008004100022010001000063011001000073020001800083035001100101040000900112082002000121100002300141245004500164250001000209260005300219300003300272650002600305CHAP20220329143349.0081226s2006 us a r 00010 eng d a95559 a96531 a9781891389382 a107185 cCHAP04a547bSo69220061 aSorrell, Thomas N.10aOrganic chemistryc/by Thomas N. Sorrell a2 ed. aSausalito, CA :bUniversity Science Books,c2006 axxiii, 988, [52] p. :bilus.04aQuímica orgánica.